000 01432nam a22003737a 4500
005 20240530110419.0
008 141019s2011 ua d grb 000 0 ara d
017 _a2154/2010
_bمصر . دار الكتب المصرية
020 _a9789773286746
040 _aEG-CaGPL
082 0 4 _221
_a371.2\
_bر إ
100 0 _aرانيا عبدالمعز الجمال
245 1 2 _aالادارة والعلاقات الانسانية فى الالفية الثالثة /
_cرانيا عبدالمعز الجمال
260 _aالاسكندرية :
_bدار الجامعة الجديدة ،
_c2011
300 _a326 ص ؛
_c24 سم
650 0 4 _aادارة الاعمال
650 0 4 _aالقيادة
650 0 4 _aالموظفون
650 0 4 _aالتنمية المهنية
650 0 4 _aالتواصل مع الافراد
650 0 4 _aالتنمية البشرية
650 0 4 _aادارة الصف
650 0 4 _aادارة المدرسة
650 0 4 _aالتعليم
_xالجودة الشاملة
650 0 4 _aالادارة
_xالاسلام
650 0 4 _aادارة الاعمال
_xاخلاقيات
650 0 4 _aالمدارس
_vتنظيم وادارة
650 0 4 _aادارة الافراد
650 0 4 _aادارة الاعمال
_xسلوك الاتصال
650 0 4 _aالادارة
_xتنظيم
650 0 4 _aالتنظيم
942 _2ddc
_cBK
999 _c60609
_d60609